000 00521nam a2200181Ia 4500
005 20250508160119.0
008 008 250505s9999 xx 000 0 eng d
037 _aTextual
040 _aFEDL
_beng
_cFEDL
041 _aeng
_2eng
084 _a379.547 9, BOM
_qFEDL
245 0 _aEducation in the state of Bombay annual administration report 1956-57
245 0 _cGovernment of Bombay
300 _aii,203p.
650 _aEducation
942 _cTEXL
_h379.547 9, BOM
999 _c1361840
_d1361840